| 000 | 00765cab a2200265 4500 | ||
|---|---|---|---|
| 001 | ABS54514 | ||
| 008 | 090401t1996 xxu||||| |||| 00| 0 eng d | ||
| 035 | _a(Sirsi) u10915 | ||
| 041 | _aeng | ||
| 245 | _aMarket report: Greater Manchester | ||
| 260 | _c1996 | ||
| 350 | _a0 | ||
| 490 |
_aProperty Week _v54(7) 15 February 1996, 38-61(14) |
||
| 650 | _aLEGAL FIRMS | ||
| 650 | _aMANCHESTER AIRPORT | ||
| 650 | _aMANCHESTER | ||
| 650 | _aPROPERTY-COMMERCIAL PROPERTY-OFFICE PROPERTY-OFFICE PROPERTY MARKET | ||
| 650 | _aPRIVATE FINANCE INITIATIVE | ||
| 650 |
_aRefurbishment _96264 |
||
| 650 | _aREGIONAL CENTRES | ||
| 650 | _aSALFORD QUAYS | ||
| 690 | _aPROPERTY-COMMERCIAL PROPERTY-COMMERCIAL PROPERTY MARKET | ||
| 942 | _n0 | ||
| 948 | _c04/03/1997 | ||
| 999 |
_c6950 _d6950 |
||